Programmer Productivity : Myths, Methods, and Murphology

Bibliographic Details
Main Author: Arthur, Lowell Jay
Format: Book
Language:English
Published: New York : John Wiley & Sons , c1983
Subjects:

MARC

LEADER 00000cam a2200000 7i4500
001 0000004039
005 20230526.0
008 991208 nyu eng
020 |a 0471864343x (hbk) 
040 |a INS 
090 0 0 |a QA76.6   |b .A767 1983 
100 1 |a Arthur, Lowell Jay 
245 1 0 |a Programmer Productivity :   |b Myths, Methods, and Murphology   |c Lowell Jay Arthur 
260 |a New York :   |b John Wiley & Sons ,   |c c1983 
300 |a xiii, 288 p. :   |b ill. ;   |c 24 cm. 
504 |a Includes bibliographical references and index 
650 0 |a Computer programming management 
999 |a 0000001986   |b BOOK   |c Open Shelf   |e Default branch